[Event "XII Weekend A"]
[Site "Gorgonzola ITA"]
[Date "2007.11.18"]
[Round "5"]
[White "Radice, Luca"]
[Black "Salvador, Roland"]
[Result "0-1"]
[WhiteElo "2064"]
[BlackElo "2456"]
[PlyCount "66"]
[EventDate "2007.11.10"]

1. d4 Nf6 2. c4 e6 3. Nf3 c5 4. e3 d5 5. Nc3 cxd4 6. exd4 Bb4 7. a3 Bxc3+ 8.
bxc3 Ne4 9. Bd3 Nxc3 10. Qc2 dxc4 11. Bxc4 Nd5 12. O-O Nc6 13. Bg5 Qd6 14. Rfe1
O-O 15. Qe4 Bd7 16. Qh4 f6 17. Bd3 g6 18. Bd2 Nce7 19. Qh6 Rae8 20. h4 Kh8 21.
Bc1 Bc6 22. h5 Nf5 23. Bxf5 gxf5 24. Nh4 Kg8 25. a4 Rf7 26. Ra3 Rg7 27. Rf3 Qb4
28. Rxe6 Rxe6 29. Nxf5 Rg4 30. Kh2 Ne7 31. Ba3 Nxf5 32. Rxf5 Rxg2+ 33. Kh3
Qxa3+ 0-1

[Event "XII Weekend A"]
[Site "Gorgonzola ITA"]
[Date "2007.11.18"]
[Round "5"]
[White "Scalcione, Michelangelo"]
[Black "Sbarra, Marco"]
[Result "1-0"]
[WhiteElo "2357"]
[BlackElo "2220"]
[PlyCount "61"]
[EventDate "2007.11.10"]

1. Nf3 d5 2. d4 e6 3. Bf4 c5 4. e3 Nc6 5. c3 Bd6 6. Bg3 Bxg3 7. hxg3 Qd6 8.
Nbd2 Bd7 9. Qc2 h6 10. Nb3 cxd4 11. exd4 e5 12. dxe5 Nxe5 13. Qe2 O-O-O 14.
Nxe5 Re8 15. Nxf7 Qf6 16. Nxh8 g5 17. O-O-O Rxe2 18. Bxe2 Qxh8 19. Rxd5 Nf6 20.
Rd4 h5 21. Nc5 Bc6 22. Ne6 Bd5 23. Nxg5 Qh6 24. f4 Bxa2 25. Bd3 Kc7 26. c4 Nd7
27. Re1 Nc5 28. Re7+ Kb6 29. Bc2 Qf6 30. Re5 a5 31. Rdd5 1-0

[Event "XII Weekend A"]
[Site "Gorgonzola ITA"]
[Date "2007.11.18"]
[Round "6"]
[White "Facchetti, Gianni"]
[Black "Bemporad, Filippo"]
[Result "1/2-1/2"]
[WhiteElo "2160"]
[BlackElo "2082"]
[PlyCount "132"]
[EventDate "2007.11.10"]

1. e4 c5 2. Nf3 d6 3. d4 cxd4 4. Qxd4 Nc6 5. Bb5 Bd7 6. Bxc6 Bxc6 7. c4 Nf6 8.
Nc3 e6 9. O-O Be7 10. Bg5 O-O 11. Rfd1 a6 12. Rac1 Qa5 13. Bh4 Rfd8 14. Qd3
Rac8 15. Nd4 Be8 16. a3 Qc5 17. Nce2 Qe5 18. f3 d5 19. exd5 exd5 20. Bg3 dxc4
21. Rxc4 Qd5 22. Rxc8 Rxc8 23. Qf5 Rd8 24. Qxd5 Rxd5 25. b4 a5 26. Rb1 axb4 27.
axb4 Bb5 28. Be1 Bc4 29. Bc3 Rd7 30. Nf4 Bd6 31. Nde2 Nd5 32. Nxd5 Bxd5 33. Ng3
Bc4 34. Ra1 Rd8 35. Nf5 Bf8 36. Kf2 Rc8 37. Ne3 Ba6 38. Bd2 Bd6 39. g3 Be5 40.
Ra5 Bc7 41. Rd5 Rd8 42. Bc3 Bb6 43. Rxd8+ Bxd8 44. Nf5 f6 45. Bd4 Bc7 46. Ke3
Kf7 47. Kd2 Bb5 48. f4 g6 49. Ne3 Ke6 50. Ng4 Bd8 51. Ne3 Be7 52. Bc5 Bd8 53.
Kc3 Bc7 54. Kd4 g5 55. f5+ Kd7 56. Ng4 Bd8 57. Ke3 h5 58. Nf2 Bc6 59. h3 Bc7
60. g4 h4 61. Ne4 Bf4+ 62. Kd3 Be5 63. Bd4 Bxd4 64. Kxd4 Bxe4 65. Kxe4 Kc6 66.
Kd4 Kd6 1/2-1/2

[Event "XII Weekend A"]
[Site "Gorgonzola ITA"]
[Date "2007.11.18"]
[Round "6"]
[White "Locatelli, Andrea"]
[Black "Crippa, Gabriele"]
[Result "1-0"]
[WhiteElo "2130"]
[BlackElo "2087"]
[PlyCount "89"]
[EventDate "2007.11.10"]

1. e4 d6 2. d4 e5 3. Nf3 exd4 4. Qxd4 a6 5. Bg5 Nc6 6. Qd2 Be7 7. Bf4 h6 8. Nc3
Bf6 9. O-O-O g5 10. Be3 Nge7 11. h4 gxh4 12. Nxh4 Be6 13. Nf3 Ng8 14. Be2 Bg7
15. Rh2 Qf6 16. Nd4 Nxd4 17. Bxd4 Qxd4 18. Qxd4 Bxd4 19. Rxd4 Rd8 20. a4 Ne7
21. Rb4 Bc8 22. Nd5 c5 23. Rb3 Nxd5 24. exd5 Kf8 25. Re3 Re8 26. Rxe8+ Kxe8 27.
a5 Bd7 28. Rh4 Kf8 29. b4 cxb4 30. Rxb4 Bc8 31. Rc4 Kg7 32. Rc7 Kg6 33. Kd2 h5
34. g3 Kf6 35. c4 Kg6 36. Kc3 Rf8 37. Kd4 Kg5 38. f4+ Kg6 39. c5 dxc5+ 40. Kxc5
h4 41. gxh4 Kf5 42. d6 Rd8 43. Rxf7+ Ke4 44. Bc4 Bf5 45. Bd5+ 1-0

[Event "XII Weekend A"]
[Site "Gorgonzola ITA"]
[Date "2007.11.18"]
[Round "6"]
[White "Pedini, Dario"]
[Black "Barlocco, Carlo"]
[Result "1-0"]
[WhiteElo "2053"]
[BlackElo "2134"]
[PlyCount "71"]
[EventDate "2007.11.10"]

1. e4 c5 2. Nc3 Nc6 3. g3 g6 4. Bg2 Bg7 5. d3 e6 6. f4 Nge7 7. Nf3 d6 8. O-O
O-O 9. h3 Rb8 10. a4 a6 11. g4 f5 12. Ne2 fxg4 13. hxg4 e5 14. f5 d5 15. Be3
Qd6 16. Qc1 Nd4 17. Rf2 Bd7 18. Nd2 b5 19. axb5 axb5 20. c3 Rbc8 21. Ng3 b4 22.
Bg5 bxc3 23. bxc3 Nb5 24. exd5 gxf5 25. Nc4 Qg6 26. Bxe7 Rf7 27. Nxf5 Qxg4 28.
Nfe3 Qg6 29. Rxf7 Kxf7 30. d6 Qxd3 31. Qf1+ Qxf1+ 32. Rxf1+ Kg6 33. Nb6 Be6 34.
Nxc8 Bxc8 35. Be4+ Kh5 36. Bf5 1-0

[Event "XII Weekend A"]
[Site "Gorgonzola ITA"]
[Date "2007.11.18"]
[Round "6"]
[White "Piantoni, Roberto"]
[Black "Brunello, Marina"]
[Result "1-0"]
[WhiteElo "2141"]
[BlackElo "2012"]
[PlyCount "37"]
[EventDate "2007.11.10"]

1. Nf3 Nf6 2. g3 d5 3. Bg2 Bf5 4. c4 e6 5. Qb3 Qc8 6. Nc3 c6 7. Nh4 Bg4 8. h3
Bh5 9. cxd5 exd5 10. d3 Bd6 11. Bg5 Be7 12. Rc1 O-O 13. g4 h6 14. Nf5 Bd8 15.
Bxf6 Bxf6 16. Nxd5 Qd8 17. Nxf6+ Qxf6 18. Qxb7 Re8 19. Qxa8 1-0

[Event "XII Weekend A"]
[Site "Gorgonzola ITA"]
[Date "2007.11.18"]
[Round "6"]
[White "Radice, Luca"]
[Black "Gamboa, Miguel"]
[Result "0-1"]
[WhiteElo "2064"]
[BlackElo "2024"]
[PlyCount "128"]
[EventDate "2007.11.10"]

1. d4 Nf6 2. c4 g6 3. Nc3 Bg7 4. e4 d6 5. f4 O-O 6. Nf3 c5 7. d5 e6 8. Be2 exd5
9. cxd5 b5 10. e5 dxe5 11. fxe5 Ng4 12. Bxb5 Nxe5 13. O-O Bg4 14. Be2 Nxf3+ 15.
Bxf3 Bxf3 16. Qxf3 Nd7 17. Bf4 Qb6 18. Rab1 c4+ 19. Kh1 Nc5 20. Be3 Qa5 21.
Bxc5 Qxc5 22. Ne4 Qa5 23. a3 Rad8 24. Rfd1 h6 25. h3 Rfe8 26. b4 cxb3 27. Rxb3
f5 28. Ng3 Re1+ 29. Rxe1 Qxe1+ 30. Kh2 Be5 31. Rd3 Kf7 32. h4 Kf6 33. Re3 Qxg3+
34. Qxg3 Bxg3+ 35. Kxg3 Rxd5 36. Rb3 Ra5 37. Rc3 Ra6 38. Kf3 g5 39. hxg5+ hxg5
40. g3 g4+ 41. Kf4 Ra4+ 42. Ke3 Kg5 43. Kf2 f4 44. Rc5+ Kf6 45. gxf4 Rxf4+ 46.
Kg3 Ra4 47. Rb5 Ke6 48. Rh5 Kd6 49. Rb5 a5 50. Rh5 Kc6 51. Re5 Kb6 52. Rd5
Rxa3+ 53. Kxg4 Re3 54. Kf4 Re7 55. Rh5 a4 56. Rh6+ Kb5 57. Rh5+ Kb4 58. Kf5 a3
59. Rh4+ Kb5 60. Kf6 Ra7 61. Rh5+ Kc6 62. Rh1 a2 63. Ra1 Kd5 64. Kf5 Kd4 0-1

[Event "XII Weekend A"]
[Site "Gorgonzola ITA"]
[Date "2007.11.18"]
[Round "6"]
[White "Salvador, Roland"]
[Black "Vancini, Edoardo"]
[Result "1-0"]
[WhiteElo "2456"]
[BlackElo "2290"]
[PlyCount "81"]
[EventDate "2007.11.10"]

1. d4 Nf6 2. Nf3 e6 3. c4 Nc6 4. a3 d6 5. Nc3 g6 6. Bg5 h6 7. Bxf6 Qxf6 8. d5
Nb8 9. Qa4+ c6 10. e4 exd5 11. cxd5 Bg7 12. dxc6 bxc6 13. Rd1 O-O 14. Be2 Qe7
15. O-O Bb7 16. Rfe1 a5 17. Nd4 Qc7 18. Qc2 Na6 19. Na4 Rfd8 20. Bf3 Rab8 21.
Be2 c5 22. Nb5 Qe7 23. Bc4 Nc7 24. Nxc7 Qxc7 25. Nc3 Be5 26. b3 Bc6 27. a4 Qe7
28. g3 h5 29. Kg2 Qb7 30. Nd5 Bxd5 31. Bxd5 Qb4 32. f4 Bc3 33. Rf1 Kg7 34. Qe2
Re8 35. f5 Re7 36. Qf3 Rc7 37. f6+ Kh7 38. g4 hxg4 39. Qxg4 Rh8 40. Rd3 g5 41.
Qxg5 1-0

[Event "XII Weekend A"]
[Site "Gorgonzola ITA"]
[Date "2007.11.18"]
[Round "6"]
[White "Sbarra, Marco"]
[Black "Barberi, Alessandro"]
[Result "1/2-1/2"]
[WhiteElo "2220"]
[BlackElo "2157"]
[PlyCount "150"]
[EventDate "2007.11.10"]

1. d4 g6 2. e4 Bg7 3. c4 d6 4. Nc3 e5 5. d5 Ne7 6. g4 O-O 7. Be3 f5 8. Be2 f4
9. Bd2 c5 10. h4 h6 11. h5 g5 12. f3 Bd7 13. Nh3 Be8 14. Nf2 Nd7 15. a3 Kh8 16.
b4 Ng8 17. Na4 b6 18. Bd3 Rf7 19. Ke2 Ndf6 20. Qb3 Rb8 21. Nc3 a6 22. a4 cxb4
23. Qxb4 Nd7 24. Rhb1 Nc5 25. Bc2 Nf6 26. Nd3 Qc8 27. Rg1 Rc7 28. Nxc5 Rxc5 29.
Bd3 Bd7 30. Kd1 Nxg4 31. fxg4 Bxg4+ 32. Kc2 Bxh5 33. Be1 b5 34. axb5 axb5 35.
cxb5 Be8 36. b6 Qh3 37. Bf2 Qh2 38. Raf1 Bf8 39. Kb3 Rcc8 40. b7 Qh3 41. bxc8=Q
Rxb4+ 42. Kxb4 Qxc8 43. Nb5 Qh3 44. Be2 Bxb5 45. Bxb5 Qf3 46. Bc6 g4 47. Bh4
Qxe4+ 48. Ka5 f3 49. Rd1 h5 50. Bd7 Bh6 51. Be6 Qc2 52. Rb1 Bd2+ 53. Ka6 Qc4+
54. Kb7 Kg7 55. Be7 f2 56. Rgf1 g3 57. Bxd6 Qd4 58. Bc7 g2 59. Bxe5+ Qxe5 60.
Rxf2 Qg3 61. Rxd2 g1=Q 62. Rxg1 Qxg1 63. Rb2 Kf6 64. Rb6 Ke5 65. Kc7 h4 66. Rb3
Qc5+ 67. Kb7 Qe7+ 68. Kc6 Qd6+ 69. Kb5 Kd4 70. Rb4+ Ke5 71. Rxh4 Qb8+ 72. Ka4
Qa7+ 73. Kb5 Qb7+ 74. Ka4 Qa6+ 75. Kb3 Qd3+ 1/2-1/2

[Event "XII Weekend A"]
[Site "Gorgonzola ITA"]
[Date "2007.11.18"]
[Round "6"]
[White "Scalcione, Michelangelo"]
[Black "Cazzaniga, Walter"]
[Result "1-0"]
[WhiteElo "2357"]
[BlackElo "2167"]
[PlyCount "89"]
[EventDate "2007.11.10"]

1. Nf3 Nf6 2. c4 c5 3. d4 cxd4 4. Nxd4 g6 5. Nc3 Bg7 6. e4 d6 7. Be2 O-O 8. O-O
Nc6 9. Be3 Bd7 10. Nc2 Rc8 11. f3 Na5 12. Na3 Be6 13. Qa4 a6 14. Nd5 Nxc4 15.
Nxc4 b5 16. Qa5 Bxd5 17. Qxd8 Rcxd8 18. exd5 Nxd5 19. Rad1 e6 20. Rxd5 exd5 21.
Nb6 Rfe8 22. Kf2 d4 23. Bg5 f6 24. Bd2 d5 25. a4 Re6 26. a5 d3 27. Bxd3 f5 28.
b3 Bd4+ 29. Kg3 Kf7 30. Rc1 Kf6 31. h4 Be3 32. Bxe3 Rxe3 33. Rd1 Ke5 34. Kf2 d4
35. g3 Rd6 36. b4 Rc6 37. Nd7+ Kd5 38. Nc5 Rxc5 39. bxc5 Kxc5 40. h5 Kb4 41.
Bxf5 Kxa5 42. Rxd4 Re5 43. hxg6 Rxf5 44. g7 Rg5 45. Rg4 1-0

[Event "IV Torneo B Natale Vomero"]
[Site "Napoli ITA"]
[Date "2007.12.20"]
[Round "6"]
[White "De Meo, Guido"]
[Black "Perelli, Giuseppe"]
[Result "1-0"]
[WhiteElo "1742"]
[BlackElo "1362"]
[PlyCount "35"]
[EventDate "2007.11.15"]

1. d4 e6 2. c4 Nf6 3. Nc3 Bb4 4. Qc2 b6 5. e4 d6 6. Bg5 e5 7. dxe5 dxe5 8. Nf3
Nc6 9. Rd1 Qe7 10. Be2 O-O 11. O-O Bb7 12. Nd5 Qc5 13. a3 Bxa3 14. bxa3 Nxd5
15. Rxd5 Qxa3 16. Bc1 Nb4 17. Qb1 Qa4 18. Bd1 1-0

[Event "IV Torneo B Natale Vomero"]
[Site "Napoli ITA"]
[Date "2007.12.27"]
[Round "7"]
[White "Donzella, Emanuele"]
[Black "Miccoli, Livio"]
[Result "1-0"]
[WhiteElo "1619"]
[BlackElo "1586"]
[PlyCount "69"]
[EventDate "2007.11.15"]

1. e4 e6 2. d4 d5 3. e5 c5 4. c3 Nc6 5. Nf3 Qb6 6. a3 cxd4 7. cxd4 Nge7 8. Nc3
Nf5 9. Ne2 Bd7 10. g3 Be7 11. Bg2 O-O 12. O-O Rfc8 13. b4 a5 14. bxa5 Rxa5 15.
Bh3 Rca8 16. Bxf5 exf5 17. Nf4 g5 18. Nh5 g4 19. Qd2 Nd8 20. e6 Nxe6 21. Nh4
Ng5 22. Re1 Ne4 23. Qd3 Qd8 24. Ng2 Qf8 25. Qb3 Bc6 26. Nhf4 Bxa3 27. Nh4 Bxc1
28. Raxc1 Ra3 29. Qd1 Ra2 30. Rc2 R8a3 31. Nxf5 Rxc2 32. Qxc2 Rf3 33. Rf1 Qb4
34. Qa2 Qd2 35. Qa8+ 1-0

[Event "IV Torneo A Natale Vomero"]
[Site "Napoli ITA"]
[Date "2007.11.15"]
[Round "1"]
[White "Benedetto, Massimo"]
[Black "Schiappoli, Dario"]
[Result "0-1"]
[WhiteElo "2032"]
[BlackElo "1929"]
[PlyCount "32"]
[EventDate "2007.11.15"]

1. d4 c5 2. Nf3 cxd4 3. Nxd4 d5 4. Bf4 f6 5. e3 e5 6. Bxe5 fxe5 7. Qh5+ g6 8.
Qxe5+ Kf7 9. Qxh8 Nf6 10. Nc3 Nc6 11. O-O-O Qd7 12. Nxd5 Qxd5 13. Nxc6 Qxc6 14.
h4 Bf5 15. Bd3 Rc8 16. e4 Bh6+ 0-1

[Event "IV Torneo A Natale Vomero"]
[Site "Napoli ITA"]
[Date "2007.11.15"]
[Round "1"]
[White "Capozzoli, Silvio"]
[Black "Esposito, Rosario"]
[Result "1-0"]
[WhiteElo "1972"]
[BlackElo "1877"]
[PlyCount "69"]
[EventDate "2007.11.15"]

1. e4 c5 2. c4 Nc6 3. Nc3 Nf6 4. d3 g6 5. g3 Bg7 6. Nge2 d6 7. Bg2 O-O 8. Rb1
a6 9. a3 Rb8 10. b4 cxb4 11. axb4 Bg4 12. h3 Bd7 13. Be3 Qc8 14. Na4 Qe8 15.
Nb6 Bc8 16. O-O Nd7 17. Nd5 Nf6 18. Ndc3 Bd7 19. d4 Qc8 20. Kh2 Nd8 21. Qd3 Qc7
22. Rfc1 Rc8 23. c5 dxc5 24. bxc5 Ne8 25. Nd5 Qb8 26. Nxe7+ Kh8 27. Nxc8 Qxc8
28. Nc3 Nc7 29. d5 Nb5 30. Nxb5 Bxb5 31. Qd2 Re8 32. Bd4 f6 33. Qc3 Rf8 34. f4
Nf7 35. Bxf6 1-0

[Event "IV Torneo A Natale Vomero"]
[Site "Napoli ITA"]
[Date "2007.11.15"]
[Round "1"]
[White "Chiummo, Sergio"]
[Black "Pinto, Gaetano"]
[Result "1/2-1/2"]
[WhiteElo "1939"]
[BlackElo "2066"]
[PlyCount "159"]
[EventDate "2007.11.15"]

1. c4 c5 2. Nc3 Nf6 3. e4 d6 4. g3 e6 5. Bg2 a6 6. Nge2 Qc7 7. O-O Be7 8. d3
O-O 9. h3 Nc6 10. Be3 Rb8 11. Qd2 b5 12. f4 b4 13. Nd1 Bd7 14. Nf2 Rfd8 15. g4
Be8 16. Ng3 d5 17. e5 d4 18. exf6 dxe3 19. Qxe3 Bxf6 20. Rab1 Nd4 21. Nge4 Be7
22. Nh1 Qd7 23. Rf2 Nc6 24. Rd1 Qd4 25. Qg3 a5 26. Kh2 Bf8 27. Rfd2 Be7 28. g5
Kh8 29. Nhf2 Bf8 30. Ng4 Ne7 31. h4 Nf5 32. Qh3 Bd6 33. Rf1 Bc7 34. h5 Nd6 35.
h6 g6 36. Ngf6 Nxe4 37. Bxe4 Bd6 38. Re2 Be7 39. Ng4 Qd6 40. Qf3 Bxg5 41. Kh3
Be7 42. Ne5 Bf6 43. Rg1 Rbc8 44. Reg2 Bxe5 45. fxe5 Qxe5 46. Rxg6 Bc6 47. Qf6+
Qxf6 48. Rxf6 Bxe4 49. dxe4 Rd3+ 50. Kh2 Rd2+ 51. Rg2 Rxg2+ 52. Kxg2 Kg8 53.
Kf3 Rd8 54. Ke3 Rd1 55. Rf2 Rh1 56. Rg2+ Kf8 57. Rg5 f5 58. exf5 Rxh6 59. fxe6
Rxe6+ 60. Kd3 Rc6 61. Ke4 h6 62. Rf5+ Ke7 63. Kd5 Rc8 64. Rh5 Rg8 65. Rxh6 Rg5+
66. Kc6 a4 67. Rh7+ Kd8 68. Ra7 Rg2 69. Rxa4 Rxb2 70. Ra8+ Ke7 71. Ra7+ Kd8 72.
Kxc5 Kc8 73. Kc6 Kb8 74. Rb7+ Ka8 75. c5 Rxa2 76. Kb6 Re2 77. c6 Re6 78. Rd7
Re8 79. Ra7+ Kb8 80. c7+ 1/2-1/2

[Event "IV Torneo A Natale Vomero"]
[Site "Napoli ITA"]
[Date "2007.11.15"]
[Round "1"]
[White "Della Ragione, Achille"]
[Black "De Rosa, Francesco"]
[Result "1-0"]
[WhiteElo "1997"]
[BlackElo "1911"]
[PlyCount "97"]
[EventDate "2007.11.15"]

1. c4 Nf6 2. Nc3 e6 3. Nf3 c5 4. e3 Nc6 5. d4 cxd4 6. Nxd4 d5 7. Nxc6 bxc6 8.
Be2 Be7 9. O-O O-O 10. b3 e5 11. f4 exf4 12. exf4 d4 13. Na4 Ne4 14. Bf3 f5 15.
Nb2 Bf6 16. Nd3 Re8 17. Bb2 Qc7 18. Qe2 a5 19. Rae1 Bd7 20. g4 h6 21. Qg2 Nc3
22. g5 hxg5 23. fxg5 Be5 24. Nc5 Re6 25. Nxe6 Bxe6 26. Bxc6 Rd8 27. g6 Qd6 28.
Bf3 d3 29. Bxc3 Bxc3 30. Rxe6 Qxe6 31. Bd5 Rxd5 32. Qxd5 Qxd5 33. cxd5 d2 34.
Kf2 Kf8 35. Ke2 Ke7 36. Rxf5 Kd6 37. Rf3 Bd4 38. Kxd2 Kxd5 39. Kd3 Be5 40. Rf5
Ke6 41. Ke4 Bc3 42. h4 Bb4 43. h5 Bc3 44. Rb5 Kf6 45. Rf5+ Ke6 46. Rc5 Bd2 47.
Rc6+ Kd7 48. Kd5 Bb4 49. h6 1-0

[Event "IV Torneo A Natale Vomero"]
[Site "Napoli ITA"]
[Date "2007.11.15"]
[Round "1"]
[White "Ficco, Corrado"]
[Black "Ricci, Giuseppe"]
[Result "1-0"]
[WhiteElo "2151"]
[BlackElo "1941"]
[PlyCount "73"]
[EventDate "2007.11.15"]

1. e4 e6 2. d4 d5 3. Nc3 Bb4 4. e5 c5 5. Qg4 Ne7 6. dxc5 Bxc3+ 7. bxc3 O-O 8.
Bd3 Nbc6 9. Nf3 Nf5 10. Qh3 Qa5 11. O-O h6 12. g4 Qxc3 13. Bd2 Qxc5 14. gxf5
exf5 15. Bxf5 d4 16. Bxc8 Raxc8 17. Qf5 Rfe8 18. Rfe1 Re6 19. Rab1 b6 20. Qd3
Nxe5 21. Nxe5 Rxe5 22. Rxe5 Qxe5 23. Rb4 Qh5 24. Rxd4 Qd1+ 25. Kg2 Re8 26. Be3
Qh5 27. h3 f5 28. Rd7 Re4 29. Qd5+ Kh7 30. Qf7 Qxf7 31. Rxf7 Ra4 32. Rxf5 Rxa2
33. c3 Kg6 34. Rd5 Rb2 35. Bd4 a5 36. Rd6+ Kf5 37. Rxb6 1-0

[Event "IV Torneo A Natale Vomero"]
[Site "Napoli ITA"]
[Date "2007.11.15"]
[Round "1"]
[White "Gallo, Thomas Renato"]
[Black "Nardiello, Luigi"]
[Result "1-0"]
[WhiteElo "1896"]
[BlackElo "1977"]
[PlyCount "59"]
[EventDate "2007.11.15"]

1. d4 Nf6 2. c4 g6 3. Nc3 Bg7 4. e4 d6 5. f3 O-O 6. Be3 c6 7. Qd2 Na6 8. Nge2
Ne8 9. Bh6 f5 10. Bxg7 Nxg7 11. O-O-O fxe4 12. fxe4 Rf2 13. Qe3 Qf8 14. Ng3 Bd7
15. Rd2 Qf4 16. Qxf2 Qg5 17. Be2 b5 18. Rf1 Be6 19. d5 cxd5 20. cxd5 b4 21. Na4
b3 22. a3 Rc8+ 23. Kd1 Nf5 24. Nxf5 Bxf5 25. Bxa6 Bg4+ 26. Be2 Bd7 27. Qxa7 Rc2
28. Rxc2 bxc2+ 29. Kxc2 Bxa4+ 30. Qxa4 1-0

[Event "IV Torneo A Natale Vomero"]
[Site "Napoli ITA"]
[Date "2007.11.15"]
[Round "1"]
[White "Improta, Giovanni"]
[Black "Longobardi, Giuseppe"]
[Result "0-1"]
[WhiteElo "1918"]
[BlackElo "2017"]
[PlyCount "94"]
[EventDate "2007.11.15"]

1. g3 g6 2. d3 Bg7 3. Nc3 Nc6 4. Bg2 e6 5. Nf3 d5 6. e4 d4 7. Ne2 e5 8. O-O
Nge7 9. Ne1 O-O 10. f4 f5 11. Nf3 fxe4 12. dxe4 Bg4 13. h3 Bxf3 14. Bxf3 Qd6
15. Qd3 Qc5 16. a3 Kh8 17. b4 Qd6 18. Bd2 a6 19. Rf2 Rad8 20. Raf1 b5 21. Bg4
h5 22. Bf3 Qe6 23. Rh2 Qc4 24. g4 Qxd3 25. cxd3 exf4 26. Bxf4 Be5 27. Bg3 h4
28. Bxe5+ Nxe5 29. Bh1 Rxf1+ 30. Kxf1 Nxd3 31. Ng1 Ne5 32. Nf3 Nxf3 33. Bxf3
Nc6 34. Rc2 Ne5 35. Bd1 Nc4 36. Ra2 d3 37. a4 Rf8+ 38. Ke1 Rf4 39. axb5 d2+ 40.
Ke2 axb5 41. Kd3 Rf1 42. Rxd2 Nxd2 43. Kxd2 Rh1 44. Be2 Rxh3 45. Bxb5 Rb3 46.
Be8 h3 47. e5 Rxb4 0-1

[Event "IV Torneo A Natale Vomero"]
[Site "Napoli ITA"]
[Date "2007.11.15"]
[Round "1"]
[White "Iodice, Fabio"]
[Black "Rosato, Luciano"]
[Result "0-1"]
[WhiteElo "1961"]
[BlackElo "2216"]
[PlyCount "60"]
[EventDate "2007.11.15"]

1. d4 Nf6 2. Nf3 g6 3. g3 Bg7 4. Bg2 O-O 5. O-O d6 6. Re1 Nbd7 7. Nbd2 e5 8.
dxe5 Nxe5 9. Nxe5 dxe5 10. e4 Bg4 11. Bf3 Be6 12. Nb3 Qe7 13. Be3 b6 14. Qe2 c5
15. c4 Nd7 16. Nd2 Rad8 17. Rad1 Nb8 18. Nb1 Nc6 19. Nc3 Rxd1 20. Rxd1 Nd4 21.
Bxd4 cxd4 22. Nd5 Bxd5 23. exd5 Qd6 24. Bg2 f5 25. f3 Rc8 26. Bf1 h5 27. h3 Re8
28. Qg2 e4 29. f4 d3 30. Qd2 Qc5+ 0-1

[Event "IV Torneo A Natale Vomero"]
[Site "Napoli ITA"]
[Date "2007.11.22"]
[Round "2"]
[White "Benedetto, Massimo"]
[Black "Iodice, Fabio"]
[Result "1-0"]
[WhiteElo "2032"]
[BlackElo "1961"]
[PlyCount "63"]
[EventDate "2007.11.15"]

1. d4 d5 2. c4 c6 3. Nf3 Nf6 4. cxd5 cxd5 5. Nc3 Nc6 6. Bf4 a6 7. e3 Bg4 8. h3
Bxf3 9. Qxf3 e6 10. Rc1 Bd6 11. Bg5 Be7 12. Bd3 Rc8 13. O-O O-O 14. Rfd1 b5 15.
a3 Na5 16. Bb1 Nb3 17. Rc2 Na1 18. Re2 Nb3 19. e4 dxe4 20. Qe3 Na5 21. Nxe4 g6
22. Bh6 Re8 23. Ng5 Nc4 24. Qf3 Bf8 25. Bxf8 Rxf8 26. Rde1 Nh5 27. Nxh7 Kxh7
28. Qxh5+ Kg7 29. Qg4 Rh8 30. Rxe6 fxe6 31. Qxg6+ Kf8 32. Rxe6 1-0

[Event "IV Torneo A Natale Vomero"]
[Site "Napoli ITA"]
[Date "2007.11.22"]
[Round "2"]
[White "De Rosa, Francesco"]
[Black "Colucci, Stefano"]
[Result "0-1"]
[WhiteElo "1911"]
[BlackElo "1957"]
[PlyCount "68"]
[EventDate "2007.11.15"]

1. d4 Nf6 2. c4 g6 3. Nc3 d5 4. cxd5 Nxd5 5. e4 Nxc3 6. bxc3 Bg7 7. Bc4 c5 8.
Be3 Nc6 9. Ne2 O-O 10. O-O Qc7 11. Rc1 Rd8 12. a4 Na5 13. Ba2 e6 14. Qd2 b6 15.
Bg5 Rd7 16. Rfd1 Bb7 17. Qe3 c4 18. Rb1 Qc6 19. Rb4 Bf8 20. f3 e5 21. Rb5 Re8
22. Kf1 a6 23. d5 axb5 24. dxc6 Rxd1+ 25. Kf2 Bc5 26. Nd4 exd4 27. Qf4 dxc3+
28. Ke2 Rd2+ 29. Ke1 Bxc6 30. Bf6 Rxa2 31. Bxc3 Rd8 32. Qc1 Nb3 33. Qb1 Rxg2
34. Kf1 Rg1+ 0-1

[Event "IV Torneo A Natale Vomero"]
[Site "Napoli ITA"]
[Date "2007.11.22"]
[Round "2"]
[White "Longobardi, Giuseppe"]
[Black "Capozzoli, Silvio"]
[Result "1-0"]
[WhiteElo "2017"]
[BlackElo "1972"]
[PlyCount "85"]
[EventDate "2007.11.15"]

1. c4 c5 2. Nf3 Nc6 3. g3 g6 4. Bg2 Bg7 5. Nc3 Nf6 6. O-O O-O 7. d3 d6 8. Bd2
a5 9. Qc1 Bd7 10. Bh6 Rb8 11. Bxg7 Kxg7 12. h3 e6 13. e3 Nb4 14. d4 Qe7 15.
dxc5 dxc5 16. Ne5 Rfd8 17. a3 Na6 18. Nxd7 Rxd7 19. Qc2 Rbd8 20. Rad1 Ne8 21.
Ne4 f5 22. Nc3 Nd6 23. b3 Nf7 24. Nb5 Nd6 25. Qc3+ Kg8 26. Qxa5 Ne4 27. Rxd7
Qxd7 28. Bxe4 fxe4 29. Qc3 Qd3 30. Qf6 Qd7 31. Nc3 Rf8 32. Qe5 Nc7 33. Nxe4 Qe7
34. Qxc5 Qf7 35. Qb6 Ne8 36. c5 Qf3 37. Qxe6+ Kg7 38. Qe7+ Kg8 39. Ng5 Qh5 40.
h4 Ng7 41. Qxb7 Qg4 42. Qd5+ Kh8 43. Nf7+ 1-0

[Event "IV Torneo A Natale Vomero"]
[Site "Napoli ITA"]
[Date "2007.11.22"]
[Round "2"]
[White "Nardiello, Luigi"]
[Black "Chiummo, Sergio"]
[Result "0-1"]
[WhiteElo "1977"]
[BlackElo "1939"]
[PlyCount "68"]
[EventDate "2007.11.15"]

1. e4 e6 2. d4 d5 3. Nc3 Nf6 4. Bg5 dxe4 5. Nxe4 Be7 6. Nxf6+ Bxf6 7. Bxf6 Qxf6
8. Nf3 O-O 9. Bd3 c5 10. c3 Nd7 11. Qc2 h6 12. O-O-O cxd4 13. Nxd4 Ne5 14. Be4
Rb8 15. h4 a6 16. f3 Nc4 17. Qf2 Qf4+ 18. Kb1 e5 19. Nc2 Qf6 20. Qe2 b5 21. g4
Qb6 22. f4 exf4 23. g5 Ne3 24. Rdg1 Bf5 25. Bxf5 Nxf5 26. Qe5 Ng3 27. Nd4 Rfe8
28. Qxf4 Nxh1 29. Rxh1 Qg6+ 30. Ka1 Qe4 31. Qf1 Rb6 32. Qc1 b4 33. Qg1 bxc3 34.
bxc3 Qe3 0-1

[Event "IV Torneo A Natale Vomero"]
[Site "Napoli ITA"]
[Date "2007.11.22"]
[Round "2"]
[White "Pinto, Gaetano"]
[Black "Gallo, Thomas Renato"]
[Result "1-0"]
[WhiteElo "2066"]
[BlackElo "1896"]
[PlyCount "137"]
[EventDate "2007.11.15"]

1. Nf3 Nf6 2. d4 e6 3. Nbd2 d5 4. e3 Bd6 5. Bd3 c5 6. c3 O-O 7. Qe2 Re8 8. O-O
Nbd7 9. e4 e5 10. dxe5 Nxe5 11. Nxe5 Bxe5 12. f4 dxe4 13. Bb5 Bc7 14. Bxe8 Qxe8
15. Nc4 Bg4 16. Qf2 Rc8 17. Ne3 Bd7 18. c4 Qe6 19. Bd2 Re8 20. Rae1 b5 21. b3
Ng4 22. Qe2 Nxe3 23. Bxe3 bxc4 24. Qxc4 Qxc4 25. bxc4 Bb6 26. f5 Ba4 27. Re2
Rd8 28. Rd2 Rxd2 29. Bxd2 Bc2 30. Rc1 Bd3 31. a4 Bc7 32. Be3 Bd6 33. Kf2 h5 34.
h3 a6 35. Rc3 f6 36. Rxd3 exd3 37. Kf3 Kf7 38. Ke4 Ke7 39. Kxd3 Kd7 40. Ke4 Kc6
41. Bd2 Bc7 42. Be1 Bb6 43. Bg3 Bd8 44. Bf4 Be7 45. Kf3 Kb6 46. Bd2 Bd6 47. Ke4
Kc6 48. Ba5 Be7 49. Kf4 Bd6+ 50. Ke4 Be7 51. Kf4 Bd6+ 52. Kf3 Be7 53. Kg3 Kd6
54. Bc3 Bd8 55. Kh4 Ke7 56. Kxh5 Kf7 57. Bd2 Bc7 58. Be3 Bd6 59. g4 Be7 60. Bf4
Bd8 61. Bd6 Bb6 62. h4 Ba7 63. Bc7 Kg8 64. Kg6 Kh8 65. Kf7 Kh7 66. g5 fxg5 67.
hxg5 a5 68. Be5 Bb6 69. Bxg7 1-0

[Event "IV Torneo A Natale Vomero"]
[Site "Napoli ITA"]
[Date "2007.11.22"]
[Round "2"]
[White "Ricci, Giuseppe"]
[Black "Improta, Giovanni"]
[Result "1-0"]
[WhiteElo "1941"]
[BlackElo "1918"]
[PlyCount "84"]
[EventDate "2007.11.15"]

1. e4 Nf6 2. e5 Nd5 3. d4 d6 4. c4 Nb6 5. Nf3 Bg4 6. exd6 cxd6 7. Be3 g6 8.
Nbd2 Bg7 9. Be2 O-O 10. h3 Bd7 11. O-O f5 12. Bf4 Nc6 13. Nb3 e5 14. Bg5 Qc7
15. d5 Nd8 16. Rc1 Nf7 17. Qd2 h6 18. c5 hxg5 19. cxb6 Qxb6 20. Nxg5 Bh6 21. h4
Qd8 22. f4 Qb6+ 23. Kh1 Rae8 24. g3 exf4 25. gxf4 Nxg5 26. fxg5 Bg7 27. h5 gxh5
28. Bxh5 Re4 29. Qh2 Qb4 30. Rf3 Be5 31. Qg2 Re1+ 32. Rxe1 Qxe1+ 33. Qf1 Qh4+
34. Rh3 Qxg5 35. Qd3 Rf6 36. Nd4 Rh6 37. Nf3 Qc1+ 38. Kg2 Qxb2+ 39. Kh1 Qc1+
40. Kg2 Qf4 41. Nxe5 Qxe5 42. Rg3+ 42... Kf8 $139 1-0